01356nam a22003497a 4500003000500000005001700005008004100022010000800063011000900071035000800080040000900088090001000097100004600107245010100153260004000254300001900294500001000313502008100323590003700404590004100441590004100482590004100523590004200564650003400606901000700640942000900647949004000656949004500696999001300741952012500754952012700879CHAP20220329132939.0971013s1989 r 00010 d a551 a1523 a699 cCHAP aTesis00aHernández Rodríguez, Adrián.954538 aConstrucción e instalación de un evapotranspirómetro thornthweite en la Chontalpa, Tabasco aChapingo, Méx. :bEl autor,c1989 a76 h.b: ilus. a37-22 aTesis (Ing. Agr. Esp. en Irrigaciòn) -- UACH. Departamento de Irrigación aALEPHb10c20130110lUCH01h1205 aBATCH-UPDb10c20130110lUCH01h2135 aBATCH-UPDb10c20130410lUCH01h1444 aBATCH-UPDb10c20130914lUCH01h1555 aCONVERSIONb10c20130109lUCH01h130214aEvapotranspirómetro.938970 aBK cFOLL bBCcTESd-10155eTS1h22787i699si bBCcTESd-67878eTS2fc.2h22788i699si c551d551 00102local4053708TESISaBCbBCcPA_TESISd2019-12-31fTESISl0p-67878r2019-12-31 00:00:00tc.2w2019-12-31yTESIS 00102local4051708TESISaBCbBCcPA_TESISd2019-12-31fTESISl0oTesisp-10155r2019-12-31 00:00:00w2019-12-31yTESIS